| 000 | 00359nam a22001457a 4500 | ||
|---|---|---|---|
| 040 | _cNUST | ||
| 082 |
_a620.001 _bLOG |
||
| 100 |
_aLogan, Daryl L. _963772 |
||
| 245 |
_aA First Course in the Finite Element Method / _cDaryl L. Logan |
||
| 250 | _aSixth Edition | ||
| 260 |
_aUSA : _bCengage; _c2017. |
||
| 300 | _a980p. | ||
| 521 | _bHB | ||
| 942 |
_2ddc _cBK |
||
| 999 |
_c606835 _d606835 |
||